00480 2200169 4500245010600000020002200106250001100128100002000139700001800159650001800177005001900195260003600214041001400250084001300264300002400277336000900301 aTadabbur Kisah Qur'anib : Menyelami 476 Faedah Dari 10 Kisah Dalam Al-Qur'ancIbnu Abdil BarihText a978-602-6337-51-1 aCet. 1 aIbnu Abdil Bari aFaqih Marhadi aKisah Qur'ani a20240910112349 aSukoharjobPustaka Arafahc2020 aIndonesia a297.1226 a484 hlm. :c24,5 cm atext